Die Aufwärmphase im Deutschunterricht: Tipps, wie man die Stunde spielerisch beginnen kann

Hry na opakovanie a upevňovanie slovnej zásoby. Hry na tvorbu vetných skladieb. Tréning vyjadrovacích schopností.

Guardado en:
Detalles Bibliográficos
Autor principal: Téreková, Soňa, 1981-
Formato: Capítulo de libro
Lenguaje:alemán
Materias:
Etiquetas: Agregar Etiqueta
Sin Etiquetas, Sea el primero en etiquetar este registro!

MARC

LEADER 00000naa a2200000 4500
001 0181190
005 20240502073115.3
041 0 |a ger 
044 |a SK 
245 1 0 |a Die Aufwärmphase im Deutschunterricht: Tipps, wie man die Stunde spielerisch beginnen kann  |c Soňa Téreková 
520 |a Hry na opakovanie a upevňovanie slovnej zásoby. Hry na tvorbu vetných skladieb. Tréning vyjadrovacích schopností. 
610 2 0 |a vyučovanie 
610 2 0 |a nemčina 
610 2 0 |a hry 
610 2 0 |a jazyky cudzie 
610 2 0 |a pedagogika 
100 1 |a Téreková, Soňa, 1981-